English grammar in use. (Record no. 549)

MARC details
000 -LEADER
fixed length control field 00600nam a22002172 4500
001 - CONTROL NUMBER
control field 0000004807
005 - DATE AND TIME OF LATEST TRANSACTION
control field 20151021151104.0
008 - FIXED-LENGTH DATA ELEMENTS--GENERAL INFORMATION
fixed length control field 070530s xx 000 0 eng d
020 ## - INTERNATIONAL STANDARD BOOK NUMBER
International Standard Book Number 0521532892 :
Terms of availability KES 995
040 ## - CATALOGING SOURCE
Original cataloging agency KABU
Transcribing agency KABU
050 #0 - LIBRARY OF CONGRESS CALL NUMBER
Classification number PE1112
Item number .M87 2004
100 1# - MAIN ENTRY--PERSONAL NAME
Personal name Murphy, Raymond.
-- 0000154934
245 10 - TITLE STATEMENT
Title English grammar in use.
250 ## - EDITION STATEMENT
Edition statement 3rd ed.
260 ## - PUBLICATION, DISTRIBUTION, ETC. (IMPRINT)
Place of publication, distribution, etc. Cambridge :
Name of publisher, distributor, etc. CUP,
Date of publication, distribution, etc. 2004.
300 ## - PHYSICAL DESCRIPTION
Extent x, 380 p.
650 #0 - SUBJECT ADDED ENTRY--TOPICAL TERM
Topical term or geographic name as entry element English language
General subdivision Grammar.
-- 0000151342
908 ## - PUT COMMAND PARAMETER (RLIN)
Put command parameter 070530
950 ## - LOCAL HOLDINGS (RLIN)
-- 1
Holdings
Withdrawn status Lost status Source of classification or shelving scheme Not for loan Home library Current library Date acquired Total Checkouts Full call number Barcode Date last seen Price effective from Koha item type Date last checked out
    Library of Congress Classification   Kabarak, Main Campus Kabarak, Main Campus 17/12/2015 1 PE1112 .M87 2004 c. 1 007953 28/01/2020 17/12/2015 General Collection 13/01/2020
    Library of Congress Classification   Kabarak, Main Campus Kabarak, Main Campus 17/12/2015 1 PE1112 .M87 2004 c. 2 007954 08/04/2017 17/12/2015 General Collection 31/03/2017
    Library of Congress Classification   Kabarak, Main Campus Kabarak, Main Campus 17/12/2015   PE1112 .M87 2004 c. 3 22740 17/12/2015 17/12/2015 General Collection  
    Library of Congress Classification   Kabarak, Main Campus Kabarak, Main Campus 17/12/2015 5 PE1112 .M87 2004 c. 4 22708 01/08/2018 17/12/2015 General Collection 17/07/2018
    Library of Congress Classification   Kabarak, Nakuru City Campus Kabarak, Nakuru City Campus 21/10/2015   PE1112 .M87 2004 c. 1 005781 21/10/2015 21/10/2015 General Collection  
Designed with assistance from East African Informatics Ltd